FC Barcelona Femenino Squad 2025-2026 - Statistics

General Stats
  • This quiz has been taken 63 times
  • The average score is 15 of 21
Answer Stats
# Position Nation Player % Correct
14 MF Spain Aitana Bonmatí
96%
11 MF Spain Alexia Putellas
96%
17 FW Poland Ewa Pajor
92%
13 GK Spain Cata Coll
88%
4 DF Spain Mapi León
83%
10 FW Norway Caroline Graham
79%
9 FW Spain Claudia Pina
79%
2 DF Spain Irene Paredes
79%
18 MF Portugal Kika Nazareth
71%
19 MF Spain Vicky López
71%
22 DF Spain Ona Batlle
67%
12 MF Spain Patri Guijarro
67%
24 MF Netherlands Esmee Brugts
63%
8 DF Spain Marta Torrejón
63%
7 FW Spain Salma Paralluelo
63%
6 MF Switzerland Sydney Schertenleib
63%
1 GK Spain Gemma Font
58%
5 DF Spain Laia Aleixandri
58%
- Coach Spain Pere Romeu
58%
16 MF Spain Clara Serrajordi
54%
23 DF Spain Aïcha Cámara
46%
No matching quizzes found
Score Distribution
Percent of People with Each Score
Percentile by Number Answered
Your Score History
You have not taken this quiz